Watershed : planning & management / (Record no. 47771)

MARC details
000 -LEADER
fixed length control field 00509nam a22001937a 4500
003 - CONTROL NUMBER IDENTIFIER
control field OSt
008 - FIXED-LENGTH DATA ELEMENTS--GENERAL INFORMATION
fixed length control field 250402b |||||||| |||| 00| 0 eng d
020 ## - INTERNATIONAL STANDARD BOOK NUMBER
International Standard Book Number 9788180142413
082 ## - DEWEY DECIMAL CLASSIFICATION NUMBER
Classification number 333.9163
Item number S96W
100 ## - MAIN ENTRY--PERSONAL NAME
Personal name Suresh, R.
245 ## - TITLE STATEMENT
Title Watershed : planning & management /
Statement of responsibility, etc. by R. Suresh
250 ## - EDITION STATEMENT
Edition statement 1st ed.
260 ## - PUBLICATION, DISTRIBUTION, ETC. (IMPRINT)
Place of publication, distribution, etc .- Delhi
Name of publisher, distributor, etc : Standard Publishers Distributors
Date of publication, distribution, etc , 2017
300 ## - PHYSICAL DESCRIPTION
Extent xiv,666p.
650 ## - SUBJECT ADDED ENTRY--TOPICAL TERM
Topical term or geographic name as entry element Social Sciences
650 ## - SUBJECT ADDED ENTRY--TOPICAL TERM
Topical term or geographic name as entry element Economics
650 ## - SUBJECT ADDED ENTRY--TOPICAL TERM
Topical term or geographic name as entry element Watershed
942 ## - ADDED ENTRY ELEMENTS (KOHA)
Source of classification or shelving scheme
Koha item type Donated Books
942 ## - ADDED ENTRY ELEMENTS (KOHA)
-- 3
Holdings
Withdrawn status Lost status Source of classification or shelving scheme Damaged status Not for loan Home library Current library Date acquired Source of acquisition Cost, normal purchase price Total Checkouts Full call number Barcode Date last seen Date last borrowed Bill Date Koha item type Bill Number
          Dr. Rajendra Prasad Central Agricultural University Pusa, Dr. Rajendra Prasad Central Agricultural University Pusa, 02/04/2025 Donated by Dr. D. K. Sinha, Agri. Economics 400.00 3 333.9163 S96W 83087 16/10/2025 03/10/2025   Donated Books Gift
Hosted, Implemented, Customized & Maintained by: BestBookBuddies

Powered by Koha